Slovenská republika ako súčasť nového kola rokovaní WTO
Ministri 142 členských krajín Svetovej obchodnej organizácie (WTO) sa dňa 14. novembra 2001 v katarskej Dohe dohodli na výslednom texte deklarácie 4. Ministerskej konferencie, ktorá stanovila jednak časový a jednak obsahový rámec ďalších rokovaní vo WTO. Rozvojová agenda z Dohy. Negociačné orgány...
Gespeichert in:
| 1. Verfasser: | |
|---|---|
| Weitere Verfasser: | |
| Format: | Buchkapitel |
| Sprache: | Slowakisch |
| Schlagworte: | |
| Tags: |
Keine Tags, Fügen Sie das erste Tag hinzu!
|
MARC
| LEADER | 00000naa$a2200000$$$4500 | ||
|---|---|---|---|
| 001 | 0006935 | ||
| 005 | 20231005083223.7 | ||
| 041 | 0 | |a slo | |
| 044 | |a SK | ||
| 245 | 1 | 0 | |a Slovenská republika ako súčasť nového kola rokovaní WTO |c aut. Martin Líner, Zuzana Pupáková |
| 520 | |a Ministri 142 členských krajín Svetovej obchodnej organizácie (WTO) sa dňa 14. novembra 2001 v katarskej Dohe dohodli na výslednom texte deklarácie 4. Ministerskej konferencie, ktorá stanovila jednak časový a jednak obsahový rámec ďalších rokovaní vo WTO. Rozvojová agenda z Dohy. Negociačné orgány. Časový harmonogram negociácií. Princípy rokovaní. Deklarácia o TRIPS. | ||
| 610 | 2 | 0 | |a organizácie medzinárodné |
| 610 | 2 | 0 | |a obchod |
| 610 | 2 | 0 | |a konferencie |
| 610 | 2 | 0 | |a spolupráca medzinárodná |
| 610 | 2 | 0 | |a Slovensko |
| 610 | 2 | 0 | |a krajiny vyspelé |
| 610 | 2 | 0 | |a Svetová obchodná organizácia |
| 100 | 1 | |a Líner, Martin | |
| 700 | 1 | |a Pupáková, Zuzana | |